[Event "DVM U16 2022"]
[Site "Darmstadt GER"]
[Date "2022.12.27"]
[Round "2"]
[White "Mimkes, Antal"]
[Black "Yin, Haode"]
[Result "1/2-1/2"]
[Termination "normal"]
[Board "4.1"]
[WhiteElo "1778"]
[BlackElo "1931"]
[WhiteClock "01:07:23"]
[BlackClock "00:49:28"]
[WhiteTeam "KSV Rochade Göttingen (Veltheim)"]
[BlackTeam "SchachAkademiePaderborn e. V."]
[PlyCount "41"]
[WhiteFideId "16265963"]
[BlackFideId "16261348"]
[EventCountry "GER"]
[EventRounds "7"]
[EventType "team-swiss"]
[EventDate "2022.12.26"]

1. c4 {[%clk 1:30:48]} e6 {[%clk 1:28:58]} 2. Nc3 {[%clk 1:29:51]} d5 {[%clk
1:28:51]} 3. cxd5 {[%clk 1:29:23]} exd5 {[%clk 1:29:17]} 4. d4 {[%clk 1:28:15]}
c6 {[%clk 1:27:10]} 5. Bf4 {[%clk 1:27:42]} Bf5 {[%clk 1:24:55]} 6. e3 {[%clk
1:27:49]} Qb6 {[%clk 1:24:05]} 7. Qb3 {[%clk 1:27:05]} Qxb3 {[%clk 1:20:45]} 8.
axb3 {[%clk 1:27:12]} Nd7 {[%clk 1:21:02]} 9. Kd2 {[%clk 1:24:37]} Ngf6 {[%clk
1:18:32]} 10. Bd3 {[%clk 1:19:05]} Bxd3 {[%clk 1:15:47]} 11. Kxd3 {[%clk
1:19:15]} Be7 {[%clk 1:14:59]} 12. h3 {[%clk 1:18:25]} O-O {[%clk 1:14:08]} 13.
Nf3 {[%clk 1:17:38]} Rfc8 {[%clk 1:06:18]} 14. Rhc1 {[%clk 1:14:27]} Bf8 {[%clk
0:59:23]} 15. g4 {[%clk 1:13:01]} Re8 {[%clk 0:56:09]} 16. Ne5 {[%clk 1:10:23]}
Nxe5 {[%clk 0:55:10]} 17. Bxe5 {[%clk 1:10:41]} Nd7 {[%clk 0:53:48]} 18. Bg3
{[%clk 1:08:38]} Nf6 {[%clk 0:51:49]} 19. Be5 {[%clk 1:08:58]} Nd7 {[%clk
0:50:51]} 20. Bg3 {[%clk 1:08:37]} Nf6 {[%clk 0:49:28]} 21. Be5 {[%clk
1:07:23]} 1/2-1/2

[Event "DVM U16 2022"]
[Site "Darmstadt GER"]
[Date "2022.12.27"]
[Round "2"]
[White "Rohm, Linus"]
[Black "Tulchynsky, David"]
[Result "1-0"]
[Termination "normal"]
[Board "4.2"]
[WhiteElo "1854"]
[BlackElo "1617"]
[WhiteClock "00:24:46"]
[BlackClock "00:02:37"]
[WhiteTeam "SchachAkademiePaderborn e. V."]
[BlackTeam "KSV Rochade Göttingen (Veltheim)"]
[PlyCount "89"]
[WhiteFideId "16298217"]
[BlackFideId "16289560"]
[EventCountry "GER"]
[EventRounds "7"]
[EventType "team-swiss"]
[EventDate "2022.12.26"]

1. d4 {[%clk 1:30:45]} d5 {[%clk 1:30:51]} 2. c4 {[%clk 1:30:58]} c6 {[%clk
1:31:16]} 3. Nd2 {[%clk 1:31:15]} e6 {[%clk 1:31:37]} 4. Qc2 {[%clk 1:31:39]}
f5 {[%clk 1:32:01]} 5. g3 {[%clk 1:31:28]} Nf6 {[%clk 1:32:25]} 6. Bg2 {[%clk
1:31:35]} Bd6 {[%clk 1:32:43]} 7. Nh3 {[%clk 1:31:49]} O-O {[%clk 1:32:40]} 8.
Nf3 {[%clk 1:30:19]} Ne4 {[%clk 1:30:40]} 9. O-O {[%clk 1:29:25]} Nd7 {[%clk
1:30:30]} 10. Nf4 {[%clk 1:28:08]} Qe7 {[%clk 1:23:20]} 11. Nd3 {[%clk
1:17:14]} Ndf6 {[%clk 1:14:24]} 12. Nfe5 {[%clk 1:15:37]} Bc7 {[%clk 1:14:13]}
13. b3 {[%clk 1:06:44]} Nd7 {[%clk 1:04:32]} 14. Nf3 {[%clk 1:06:23]} Qf6
{[%clk 0:45:41]} 15. cxd5 {[%clk 1:00:16]} exd5 {[%clk 0:46:05]} 16. Nf4 {[%clk
1:00:05]} g5 {[%clk 0:45:09]} 17. Nxd5 {[%clk 0:59:02]} cxd5 {[%clk 0:45:10]}
18. Qxc7 {[%clk 0:59:22]} g4 {[%clk 0:44:34]} 19. Ne5 {[%clk 0:57:38]} Nxe5
{[%clk 0:44:55]} 20. Qxe5 {[%clk 0:57:26]} Qxe5 {[%clk 0:45:16]} 21. dxe5
{[%clk 0:57:55]} Be6 {[%clk 0:42:16]} 22. Bb2 {[%clk 0:51:27]} Rac8 {[%clk
0:42:03]} 23. Rac1 {[%clk 0:50:30]} h5 {[%clk 0:38:51]} 24. Bd4 {[%clk
0:49:38]} b6 {[%clk 0:38:39]} 25. f3 {[%clk 0:48:37]} Nc5 {[%clk 0:37:59]} 26.
Rfd1 {[%clk 0:48:45]} Rfd8 {[%clk 0:38:07]} 27. Bf1 {[%clk 0:42:32]} Rc7 {[%clk
0:25:02]} 28. b4 {[%clk 0:36:46]} Na6 {[%clk 0:25:28]} 29. Rxc7 {[%clk
0:37:10]} Nxc7 {[%clk 0:25:54]} 30. fxg4 {[%clk 0:37:03]} fxg4 {[%clk 0:25:29]}
31. e3 {[%clk 0:37:01]} Bf5 {[%clk 0:25:33]} 32. Rc1 {[%clk 0:36:25]} Rd7
{[%clk 0:23:57]} 33. Rc6 {[%clk 0:34:51]} Ne6 {[%clk 0:23:53]} 34. a4 {[%clk
0:32:32]} Rc7 {[%clk 0:21:22]} 35. Rxc7 {[%clk 0:32:49]} Nxc7 {[%clk 0:21:47]}
36. a5 {[%clk 0:32:46]} bxa5 {[%clk 0:22:07]} 37. bxa5 {[%clk 0:33:06]} a6
{[%clk 0:22:10]} 38. Bg2 {[%clk 0:30:25]} Be4 {[%clk 0:21:48]} 39. Bb6 {[%clk
0:28:26]} Bxg2 {[%clk 0:18:47]} 40. Kxg2 {[%clk 0:28:44]} Ne6 {[%clk 0:18:56]}
41. h4 {[%clk 0:28:14]} Kf7 {[%clk 0:18:38]} 42. Kf2 {[%clk 0:28:32]} Ng7
{[%clk 0:19:02]} 43. e4 {[%clk 0:24:42]} Ke6 {[%clk 0:03:34]} 44. Ke3 {[%clk
0:24:25]} Kxe5 {[%clk 0:02:37]} 45. Bd4 {[%clk 0:24:46]} 1-0

[Event "DVM U16 2022"]
[Site "Darmstadt GER"]
[Date "2022.12.27"]
[Round "2"]
[White "Le, Dinh An"]
[Black "Liestmann, Marius"]
[Result "1-0"]
[Termination "normal"]
[Board "4.4"]
[WhiteElo "1581"]
[BlackElo "1292"]
[WhiteClock "00:21:08"]
[BlackClock "01:12:31"]
[WhiteTeam "SchachAkademiePaderborn e. V."]
[BlackTeam "KSV Rochade Göttingen (Veltheim)"]
[PlyCount "67"]
[WhiteFideId "34607277"]
[BlackFideId "34640169"]
[EventCountry "GER"]
[EventRounds "7"]
[EventType "team-swiss"]
[EventDate "2022.12.26"]

1. d4 {[%clk 1:30:56]} d5 {[%clk 1:30:55]} 2. Nf3 {[%clk 1:31:00]} e6 {[%clk
1:31:16]} 3. g3 {[%clk 1:31:07]} Bd6 {[%clk 1:31:35]} 4. Bg2 {[%clk 1:30:49]}
f5 {[%clk 1:31:52]} 5. O-O {[%clk 1:30:25]} Nf6 {[%clk 1:32:14]} 6. c4 {[%clk
1:30:22]} c6 {[%clk 1:32:36]} 7. b3 {[%clk 1:29:53]} O-O {[%clk 1:32:52]} 8.
Nc3 {[%clk 1:28:37]} Nbd7 {[%clk 1:33:10]} 9. Bb2 {[%clk 1:27:22]} Ne4 {[%clk
1:33:26]} 10. Re1 {[%clk 1:25:05]} Ndf6 {[%clk 1:32:08]} 11. Qc2 {[%clk
1:24:16]} Qe7 {[%clk 1:32:12]} 12. Rad1 {[%clk 1:19:53]} Nxc3 {[%clk 1:32:24]}
13. Bxc3 {[%clk 1:19:56]} Ne4 {[%clk 1:32:45]} 14. Ne5 {[%clk 1:16:43]} Nxc3
{[%clk 1:32:58]} 15. Qxc3 {[%clk 1:17:02]} Bb4 {[%clk 1:33:24]} 16. Qc2 {[%clk
1:14:03]} Bxe1 {[%clk 1:33:47]} 17. Rxe1 {[%clk 1:14:25]} Bd7 {[%clk 1:32:44]}
18. e3 {[%clk 1:08:45]} Be8 {[%clk 1:32:10]} 19. Bf3 {[%clk 1:04:43]} Bg6
{[%clk 1:31:45]} 20. Qb2 {[%clk 0:53:30]} Qb4 {[%clk 1:31:22]} 21. Rc1 {[%clk
0:52:05]} a5 {[%clk 1:30:42]} 22. a4 {[%clk 0:48:58]} Be8 {[%clk 1:29:16]} 23.
c5 {[%clk 0:48:52]} f4 {[%clk 1:23:34]} 24. Nd3 {[%clk 0:47:22]} fxe3 {[%clk
1:23:54]} 25. Nxb4 {[%clk 0:47:12]} Rxf3 {[%clk 1:24:15]} 26. Nd3 {[%clk
0:43:04]} Bg6 {[%clk 1:23:19]} 27. Ne5 {[%clk 0:29:03]} Rxf2 {[%clk 1:20:24]}
28. Qc3 {[%clk 0:27:07]} Be4 {[%clk 1:18:35]} 29. Qxe3 Ra2 {[%clk 1:18:07]} 30.
Nf3 {[%clk 0:22:38]} Rf8 {[%clk 1:17:13]} 31. Rf1 {[%clk 0:21:29]} g5 {[%clk
1:16:29]} 32. Nd2 {[%clk 0:20:54]} Rxf1 {[%clk 1:12:30]} 33. Kxf1 {[%clk
0:21:08]} h6 {[%clk 1:12:31]} 34. Nxe4 1-0

[Event "DVM U16 2022"]
[Site "Darmstadt GER"]
[Date "2022.12.27"]
[Round "2"]
[White "Fuhrmann, Bahne"]
[Black "Herter, Arne"]
[Result "1/2-1/2"]
[Termination "normal"]
[Board "5.1"]
[WhiteElo "2042"]
[BlackElo "1973"]
[WhiteClock "00:30:52"]
[BlackClock "00:25:42"]
[WhiteTeam "Hamburger SK von 1830 eV"]
[BlackTeam "Schachzwerge Magdeburg"]
[PlyCount "88"]
[WhiteFideId "16244842"]
[BlackFideId "16255372"]
[EventCountry "GER"]
[EventRounds "7"]
[EventType "team-swiss"]
[EventDate "2022.12.26"]

1. d4 {[%clk 1:30:58]} Nf6 {[%clk 1:30:53]} 2. c4 {[%clk 1:31:24]} g6 {[%clk
1:31:16]} 3. Nc3 {[%clk 1:31:49]} Bg7 {[%clk 1:31:38]} 4. e4 {[%clk 1:32:11]}
d6 {[%clk 1:32:00]} 5. Nf3 {[%clk 1:32:36]} O-O {[%clk 1:32:17]} 6. Be2 {[%clk
1:33:03]} e5 {[%clk 1:32:17]} 7. Be3 {[%clk 1:33:24]} Nbd7 {[%clk 1:31:41]} 8.
O-O {[%clk 1:33:11]} c6 {[%clk 1:32:06]} 9. d5 {[%clk 1:32:37]} c5 {[%clk
1:32:28]} 10. Ne1 {[%clk 1:32:16]} Kh8 {[%clk 1:30:23]} 11. Nd3 {[%clk
1:31:01]} Ng8 {[%clk 1:28:33]} 12. g4 {[%clk 1:29:48]} f5 {[%clk 1:26:25]} 13.
gxf5 {[%clk 1:16:23]} gxf5 {[%clk 1:26:21]} 14. f4 {[%clk 1:11:47]} Nh6 {[%clk
1:12:40]} 15. Kh1 {[%clk 1:05:05]} Qe7 {[%clk 1:09:12]} 16. Bf3 {[%clk
0:58:51]} fxe4 {[%clk 0:57:45]} 17. Nxe4 {[%clk 0:57:45]} Nf5 {[%clk 0:56:42]}
18. Bg1 {[%clk 0:51:59]} Nd4 {[%clk 0:51:38]} 19. Bg2 {[%clk 0:48:00]} exf4
{[%clk 0:47:39]} 20. Nxf4 {[%clk 0:46:20]} Ne5 {[%clk 0:47:06]} 21. Bxd4 {[%clk
0:41:18]} cxd4 {[%clk 0:47:01]} 22. Qxd4 {[%clk 0:37:27]} Qh4 {[%clk 0:41:19]}
23. Qf2 {[%clk 0:27:12]} Qxf2 {[%clk 0:35:32]} 24. Rxf2 {[%clk 0:27:33]} Nxc4
{[%clk 0:35:25]} 25. Rc1 {[%clk 0:21:47]} Nxb2 {[%clk 0:31:37]} 26. Nxd6 {[%clk
0:19:54]} Bg4 {[%clk 0:23:21]} 27. Rcf1 {[%clk 0:18:05]} Rad8 {[%clk 0:09:17]}
28. Nxb7 {[%clk 0:14:46]} Rb8 {[%clk 0:08:40]} 29. d6 {[%clk 0:11:46]} Nd1
{[%clk 0:04:51]} 30. Rxd1 {[%clk 0:10:45]} Bxd1 {[%clk 0:03:54]} 31. d7 {[%clk
0:10:54]} Bg4 {[%clk 0:03:36]} 32. Ng6 {[%clk 0:07:35]} hxg6 {[%clk 0:02:16]}
33. Rxf8 {[%clk 0:07:59]} Rxf8 {[%clk 0:01:38]} 34. d8=Q {[%clk 0:08:20]} Rxd8
{[%clk 0:02:02]} 35. Nxd8 {[%clk 0:07:58]} Bd4 {[%clk 0:02:02]} 36. Be4 {[%clk
0:07:09]} Kg7 {[%clk 0:01:52]} 37. Nc6 {[%clk 0:05:49]} Be3 {[%clk 0:01:07]}
38. Kg2 {[%clk 0:04:55]} Kh6 {[%clk 0:00:42]} 39. Kg3 {[%clk 0:04:42]} Be6
{[%clk 0:00:58]} 40. Ne5 {[%clk 0:04:03]} Bb6 {[%clk 0:00:38]} 41. Nxg6 {[%clk
0:02:15]} Bxa2 {[%clk 0:00:37]} 42. Ne7 {[%clk 0:00:40]} Bb3 {[%clk 0:26:00]}
43. Nc6 {[%clk 0:30:33]} a5 {[%clk 0:25:42]} 44. Nxa5 {[%clk 0:30:52]} Bxa5
1/2-1/2

[Event "DVM U16 2022"]
[Site "Darmstadt GER"]
[Date "2022.12.27"]
[Round "2"]
[White "Tietz, Bennit"]
[Black "Nönnig, Jakob"]
[Result "1-0"]
[Termination "normal"]
[Board "5.3"]
[WhiteElo "1688"]
[BlackElo "1606"]
[WhiteClock "00:41:28"]
[BlackClock "00:06:07"]
[WhiteTeam "Hamburger SK von 1830 eV"]
[BlackTeam "Schachzwerge Magdeburg"]
[PlyCount "91"]
[WhiteFideId "16286936"]
[BlackFideId "16289447"]
[EventCountry "GER"]
[EventRounds "7"]
[EventType "team-swiss"]
[EventDate "2022.12.26"]

1. e4 {[%clk 1:30:57]} e5 {[%clk 1:30:54]} 2. Nf3 {[%clk 1:31:14]} Nc6 {[%clk
1:31:17]} 3. Bc4 {[%clk 1:31:38]} Bc5 {[%clk 1:31:37]} 4. b4 {[%clk 1:31:58]}
Bxb4 {[%clk 1:31:26]} 5. c3 {[%clk 1:32:16]} Ba5 {[%clk 1:29:21]} 6. d4 {[%clk
1:32:34]} d6 {[%clk 1:29:24]} 7. Qb3 {[%clk 1:32:04]} Qd7 {[%clk 1:29:02]} 8.
dxe5 {[%clk 1:32:05]} Bb6 {[%clk 1:22:16]} 9. exd6 {[%clk 1:17:07]} Na5 {[%clk
1:21:00]} 10. Qb4 {[%clk 1:16:55]} Nxc4 {[%clk 1:06:32]} 11. Qxc4 {[%clk
1:17:11]} Qxd6 {[%clk 1:06:05]} 12. O-O {[%clk 1:14:34]} Be6 {[%clk 1:04:04]}
13. Qe2 {[%clk 1:11:16]} O-O-O {[%clk 1:03:43]} 14. Nd4 {[%clk 1:08:51]} Bd7
{[%clk 0:54:23]} 15. Nd2 {[%clk 1:02:32]} Bxd4 {[%clk 0:37:13]} 16. cxd4 {[%clk
1:02:16]} Qxd4 {[%clk 0:36:11]} 17. Nb3 {[%clk 1:02:32]} Qf6 {[%clk 0:27:40]}
18. Be3 {[%clk 0:57:36]} a6 {[%clk 0:21:46]} 19. Rac1 {[%clk 0:55:46]} Ne7
{[%clk 0:16:14]} 20. Nc5 {[%clk 0:49:00]} Qg6 {[%clk 0:08:07]} 21. Bf4 {[%clk
0:29:05]} Bb5 {[%clk 0:04:59]} 22. Qb2 {[%clk 0:28:45]} Nc6 {[%clk 0:02:29]}
23. a4 {[%clk 0:27:44]} Rd4 {[%clk 0:01:41]} 24. axb5 {[%clk 0:25:43]} Rb4
{[%clk 0:01:12]} 25. Qa3 {[%clk 0:25:25]} Rxb5 {[%clk 0:01:07]} 26. Nxa6 {[%clk
0:25:38]} Ra5 {[%clk 0:01:11]} 27. Qh3 {[%clk 0:25:58]} Qe6 {[%clk 0:01:03]}
28. Qxe6 {[%clk 0:24:21]} fxe6 {[%clk 0:01:31]} 29. Nc5 {[%clk 0:24:14]} e5
{[%clk 0:01:13]} 30. Be3 {[%clk 0:23:07]} Rb5 {[%clk 0:00:35]} 31. Ra1 {[%clk
0:22:52]} Na5 {[%clk 0:00:39]} 32. Nb3 {[%clk 0:20:50]} Rxb3 {[%clk 0:00:42]}
33. Rxa5 {[%clk 0:21:11]} Re8 {[%clk 0:00:58]} 34. Rd1 {[%clk 0:19:32]} Kb8
{[%clk 0:01:05]} 35. Rxe5 {[%clk 0:19:19]} Rc8 {[%clk 0:00:41]} 36. Re7 {[%clk
0:17:36]} Rg8 {[%clk 0:00:36]} 37. g3 {[%clk 0:17:28]} b5 {[%clk 0:00:39]} 38.
Rc1 {[%clk 0:17:10]} Rc8 {[%clk 0:00:38]} 39. Bf4 {[%clk 0:16:56]} b4 {[%clk
0:00:37]} 40. Bxc7 {[%clk 0:17:01]} Ka8 {[%clk 0:00:49]} 41. Ra1 {[%clk
0:16:43]} Ra3 {[%clk 0:11:30]} 42. Rb1 {[%clk 0:45:15]} Rc3 {[%clk 0:08:32]}
43. Bf4 {[%clk 0:44:28]} R8c4 {[%clk 0:07:39]} 44. Kg2 {[%clk 0:43:41]} Ra3
{[%clk 0:06:43]} 45. Bd6 {[%clk 0:41:07]} Ra4 {[%clk 0:06:07]} 46. e5 {[%clk
0:41:28]} 1-0

[Event "DVM U16 2022"]
[Site "Darmstadt GER"]
[Date "2022.12.27"]
[Round "2"]
[White "Petzold, Johannes Julius"]
[Black "Malchereck, Zion"]
[Result "1/2-1/2"]
[Termination "normal"]
[Board "5.4"]
[WhiteElo "1211"]
[BlackElo "1726"]
[WhiteClock "00:18:04"]
[BlackClock "00:16:45"]
[WhiteTeam "Schachzwerge Magdeburg"]
[BlackTeam "Hamburger SK von 1830 eV"]
[PlyCount "93"]
[WhiteFideId "16289455"]
[BlackFideId "16269233"]
[EventCountry "GER"]
[EventRounds "7"]
[EventType "team-swiss"]
[EventDate "2022.12.26"]

1. e4 {[%clk 1:30:58]} e5 {[%clk 1:29:57]} 2. Nc3 {[%clk 1:30:44]} Nf6 {[%clk
1:30:15]} 3. f4 {[%clk 1:31:08]} d6 {[%clk 1:30:35]} 4. fxe5 {[%clk 1:29:05]}
dxe5 5. Nf3 {[%clk 1:28:53]} Nc6 {[%clk 1:25:47]} 6. Bb5 {[%clk 1:21:28]} Bd7
{[%clk 1:24:52]} 7. d3 {[%clk 1:20:23]} Bd6 {[%clk 1:24:25]} 8. h3 {[%clk
1:15:03]} h6 {[%clk 1:23:00]} 9. Be3 {[%clk 1:14:04]} O-O {[%clk 1:21:30]} 10.
Qd2 {[%clk 1:10:28]} a6 {[%clk 1:21:27]} 11. Ba4 {[%clk 1:06:42]} b5 {[%clk
1:18:19]} 12. Bb3 {[%clk 1:07:05]} Na5 {[%clk 1:16:01]} 13. g4 {[%clk 1:03:14]}
Nxb3 {[%clk 1:14:06]} 14. axb3 {[%clk 1:03:17]} Nh7 {[%clk 1:05:49]} 15. Rg1
{[%clk 0:55:22]} Qf6 {[%clk 1:03:10]} 16. Rg3 {[%clk 0:50:24]} Kh8 {[%clk
0:51:22]} 17. O-O-O {[%clk 0:45:58]} c6 {[%clk 0:47:57]} 18. g5 {[%clk
0:44:22]} hxg5 {[%clk 0:48:03]} 19. Nxg5 {[%clk 0:43:58]} Nxg5 {[%clk 0:46:37]}
20. Bxg5 {[%clk 0:44:21]} Qg6 {[%clk 0:42:28]} 21. Rdg1 {[%clk 0:42:00]} Qh7
{[%clk 0:41:04]} 22. Qg2 {[%clk 0:35:10]} f6 {[%clk 0:33:29]} 23. Be3 {[%clk
0:33:18]} Rf7 {[%clk 0:27:56]} 24. h4 {[%clk 0:29:42]} Rg8 {[%clk 0:19:35]} 25.
h5 {[%clk 0:26:56]} Be7 {[%clk 0:19:33]} 26. Rg6 {[%clk 0:25:26]} Rff8 {[%clk
0:18:36]} 27. Rh1 {[%clk 0:22:43]} Be8 {[%clk 0:18:59]} 28. Qf3 {[%clk
0:16:37]} Bf7 {[%clk 0:14:02]} 29. Ne2 {[%clk 0:15:39]} f5 {[%clk 0:13:48]} 30.
Qh3 {[%clk 0:11:36]} f4 {[%clk 0:13:49]} 31. Bf2 {[%clk 0:10:50]} Bf6 {[%clk
0:11:48]} 32. Ng1 {[%clk 0:08:15]} Rc8 {[%clk 0:08:34]} 33. Nf3 {[%clk
0:07:08]} Rge8 {[%clk 0:06:58]} 34. Ng5 {[%clk 0:06:45]} Bxg5 {[%clk 0:07:25]}
35. Rxg5 {[%clk 0:07:03]} Rc7 {[%clk 0:04:43]} 36. Qf3 {[%clk 0:05:46]} Re6
{[%clk 0:03:53]} 37. Bc5 {[%clk 0:04:26]} Rc8 {[%clk 0:03:34]} 38. Rhg1 {[%clk
0:03:43]} Rg8 {[%clk 0:03:38]} 39. Ba3 {[%clk 0:02:29]} g6 {[%clk 0:01:29]} 40.
hxg6 {[%clk 0:01:25]} Rgxg6 {[%clk 0:01:56]} 41. Rxg6 {[%clk 0:24:22]} Rxg6
{[%clk 0:26:58]} 42. Rxg6 {[%clk 0:22:26]} Qxg6 {[%clk 0:26:10]} 43. Bc5 {[%clk
0:22:26]} Kg8 {[%clk 0:19:25]} 44. Kd2 {[%clk 0:19:49]} Qg5 {[%clk 0:17:29]}
45. b4 {[%clk 0:19:10]} Bh5 {[%clk 0:17:40]} 46. Qf2 {[%clk 0:19:13]} Kf7
{[%clk 0:16:45]} 47. c3 {[%clk 0:18:04]} 1/2-1/2

[Event "DVM U16 2022"]
[Site "Darmstadt GER"]
[Date "2022.12.27"]
[Round "2"]
[White "Lerchl, Clemens"]
[Black "Schwartz, Oliver"]
[Result "1-0"]
[Termination "normal"]
[Board "6.1"]
[WhiteElo "1958"]
[BlackElo "1868"]
[WhiteClock "00:56:57"]
[BlackClock "00:24:55"]
[WhiteTeam "Schach-Club Vaterstetten-Grasbrunn"]
[BlackTeam "SC Ostfildern 1952 e.V."]
[PlyCount "95"]
[WhiteFideId "16226372"]
[BlackFideId "16207459"]
[EventCountry "GER"]
[EventRounds "7"]
[EventType "team-swiss"]
[EventDate "2022.12.26"]

1. e4 {[%clk 1:30:57]} c5 {[%clk 1:30:56]} 2. Nf3 {[%clk 1:31:22]} Nc6 {[%clk
1:31:10]} 3. d4 {[%clk 1:31:46]} cxd4 {[%clk 1:31:37]} 4. Nxd4 {[%clk 1:32:09]}
Nf6 {[%clk 1:31:57]} 5. Nc3 {[%clk 1:32:34]} e5 {[%clk 1:32:11]} 6. Ndb5 {[%clk
1:32:59]} d6 {[%clk 1:32:36]} 7. Bg5 {[%clk 1:33:23]} a6 {[%clk 1:32:58]} 8.
Na3 {[%clk 1:33:49]} b5 {[%clk 1:33:23]} 9. Nd5 {[%clk 1:34:16]} Be7 {[%clk
1:33:46]} 10. Bxf6 {[%clk 1:34:42]} Bxf6 {[%clk 1:34:10]} 11. c3 {[%clk
1:34:32]} O-O {[%clk 1:34:15]} 12. Nc2 {[%clk 1:34:57]} Rb8 {[%clk 1:34:01]}
13. a4 {[%clk 1:31:20]} bxa4 {[%clk 1:24:37]} 14. Ncb4 {[%clk 1:31:20]} Bd7
{[%clk 1:14:27]} 15. Bxa6 {[%clk 1:29:20]} Nxb4 {[%clk 1:05:58]} 16. Nxb4
{[%clk 1:29:33]} Be7 {[%clk 1:05:31]} 17. O-O {[%clk 1:18:26]} Kh8 {[%clk
1:03:54]} 18. Qe2 {[%clk 1:14:06]} f5 {[%clk 0:59:19]} 19. exf5 {[%clk
1:12:41]} Rxf5 {[%clk 0:58:56]} 20. Bd3 {[%clk 1:13:02]} Rf6 {[%clk 0:53:49]}
21. Bc2 {[%clk 1:10:27]} Bb5 {[%clk 0:40:41]} 22. c4 {[%clk 1:03:38]} Be8
{[%clk 0:29:14]} 23. Nd5 {[%clk 1:03:30]} Rh6 {[%clk 0:28:50]} 24. Bxa4 {[%clk
1:03:17]} Bh5 {[%clk 0:28:03]} 25. Qe4 {[%clk 0:52:14]} Bg5 {[%clk 0:23:55]}
26. b4 {[%clk 0:50:34]} Bg6 {[%clk 0:22:52]} 27. Qf3 {[%clk 0:49:25]} Bd2
{[%clk 0:21:04]} 28. Bb5 {[%clk 0:45:50]} Qh4 {[%clk 0:17:33]} 29. Qg3 {[%clk
0:45:32]} Qd4 {[%clk 0:14:01]} 30. Ra2 {[%clk 0:42:39]} Bf4 {[%clk 0:11:42]}
31. Nxf4 {[%clk 0:42:29]} exf4 {[%clk 0:12:11]} 32. Qf3 {[%clk 0:41:28]} Bh5
{[%clk 0:10:46]} 33. Qb7 {[%clk 0:39:57]} Rf8 {[%clk 0:08:28]} 34. Ra8 {[%clk
0:37:11]} Rhf6 {[%clk 0:08:54]} 35. Rfa1 {[%clk 0:35:21]} h6 {[%clk 0:08:58]}
36. Qd5 {[%clk 0:35:08]} Qxd5 {[%clk 0:05:53]} 37. cxd5 {[%clk 0:35:30]} Kh7
{[%clk 0:04:30]} 38. Bc6 {[%clk 0:31:17]} Be2 {[%clk 0:00:38]} 39. b5 {[%clk
0:29:52]} Bxb5 {[%clk 0:00:48]} 40. Rxf8 {[%clk 0:29:22]} Rxf8 {[%clk 0:01:06]}
41. Bxb5 {[%clk 0:29:46]} Kg6 {[%clk 0:01:22]} 42. Re1 {[%clk 0:28:46]} Rb8
{[%clk 0:29:06]} 43. Bd3 {[%clk 0:58:29]} Kh5 {[%clk 0:27:03]} 44. g3 {[%clk
0:58:25]} Rb3 {[%clk 0:26:54]} 45. Be2 {[%clk 0:57:12]} Kg5 {[%clk 0:27:11]}
46. Kg2 {[%clk 0:56:46]} Kf5 {[%clk 0:26:43]} 47. Bf3 {[%clk 0:56:40]} g5
{[%clk 0:24:55]} 48. g4 {[%clk 0:56:57]} 1-0

[Event "DVM U16 2022"]
[Site "Darmstadt GER"]
[Date "2022.12.27"]
[Round "2"]
[White "Erhardt, Daniel"]
[Black "Karpen, Jakob"]
[Result "0-1"]
[Termination "normal"]
[Board "6.4"]
[WhiteElo "1324"]
[BlackElo "1345"]
[WhiteClock "00:46:13"]
[BlackClock "00:22:16"]
[WhiteTeam "SC Ostfildern 1952 e.V."]
[BlackTeam "Schach-Club Vaterstetten-Grasbrunn"]
[PlyCount "114"]
[WhiteFideId "16249429"]
[BlackFideId "16255453"]
[EventCountry "GER"]
[EventRounds "7"]
[EventType "team-swiss"]
[EventDate "2022.12.26"]

1. e4 {[%clk 1:30:49]} e5 {[%clk 1:30:43]} 2. Nf3 {[%clk 1:30:48]} Nc6 {[%clk
1:31:02]} 3. Bb5 {[%clk 1:30:35]} a6 {[%clk 1:31:10]} 4. Ba4 {[%clk 1:30:39]}
Nf6 {[%clk 1:31:07]} 5. O-O {[%clk 1:29:53]} Be7 {[%clk 1:30:52]} 6. Re1 {[%clk
1:29:20]} b5 {[%clk 1:30:16]} 7. Bb3 {[%clk 1:29:36]} O-O {[%clk 1:30:38]} 8.
c3 {[%clk 1:29:12]} d5 {[%clk 1:31:01]} 9. exd5 {[%clk 1:28:58]} Nxd5 {[%clk
1:31:18]} 10. Nxe5 {[%clk 1:29:17]} Nxe5 {[%clk 1:31:32]} 11. Rxe5 {[%clk
1:29:38]} c6 {[%clk 1:31:57]} 12. d4 {[%clk 1:27:06]} Bd6 {[%clk 1:32:09]} 13.
Re1 {[%clk 1:24:42]} Qh4 {[%clk 1:32:03]} 14. g3 {[%clk 1:24:27]} Qh3 {[%clk
1:32:16]} 15. Qf3 {[%clk 1:24:36]} Bg4 {[%clk 1:31:42]} 16. Qg2 {[%clk
1:24:27]} Qh5 {[%clk 1:31:55]} 17. Bd2 {[%clk 1:19:41]} Rfe8 {[%clk 1:31:35]}
18. Na3 {[%clk 1:19:49]} Bh3 {[%clk 1:20:09]} 19. Qh1 {[%clk 1:19:58]} Bg4
{[%clk 1:18:56]} 20. Qg2 {[%clk 1:19:26]} Bf3 {[%clk 1:15:59]} 21. Qf1 {[%clk
1:19:26]} Be4 {[%clk 1:15:48]} 22. Bc2 {[%clk 1:16:10]} Nf6 {[%clk 1:07:34]}
23. Bxe4 {[%clk 1:09:20]} Nxe4 {[%clk 1:07:32]} 24. Qe2 {[%clk 1:08:47]} Qf5
{[%clk 1:02:21]} 25. Nc2 {[%clk 1:00:43]} Re6 {[%clk 0:58:19]} 26. Ne3 {[%clk
0:59:11]} Qg6 {[%clk 0:57:09]} 27. f4 {[%clk 0:55:21]} Bxf4 {[%clk 0:55:22]}
28. Qg2 {[%clk 0:51:15]} Nxd2 {[%clk 0:54:36]} 29. gxf4 {[%clk 0:50:39]} Nf3
{[%clk 0:54:42]} 30. Kf2 {[%clk 0:49:11]} Qxg2 {[%clk 0:54:57]} 31. Nxg2 {[%clk
0:49:26]} Nxe1 {[%clk 0:55:24]} 32. Rxe1 {[%clk 0:49:43]} Rxe1 {[%clk 0:55:33]}
33. Nxe1 {[%clk 0:50:11]} Re8 {[%clk 0:55:49]} 34. Nd3 {[%clk 0:50:34]} f6
{[%clk 0:53:57]} 35. Nb4 {[%clk 0:50:50]} g5 {[%clk 0:36:56]} 36. f5 {[%clk
0:51:02]} Re4 {[%clk 0:35:56]} 37. Nxc6 {[%clk 0:51:23]} Rf4 {[%clk 0:36:14]}
38. Kg3 {[%clk 0:51:46]} Kf8 {[%clk 0:36:23]} 39. Nb4 {[%clk 0:51:22]} a5
{[%clk 0:35:24]} 40. Nd3 {[%clk 0:50:48]} Rxf5 {[%clk 0:35:12]} 41. Nc5 {[%clk
0:50:59]} Ke7 42. Nb7 {[%clk 0:49:27]} a4 {[%clk 0:33:34]} 43. b3 {[%clk
0:49:42]} h5 {[%clk 0:31:27]} 44. c4 {[%clk 0:49:56]} axb3 {[%clk 0:31:28]} 45.
axb3 {[%clk 0:50:21]} bxc4 {[%clk 0:31:00]} 46. bxc4 {[%clk 0:50:34]} Rf4
{[%clk 0:31:16]} 47. Na5 {[%clk 0:50:44]} Kd6 {[%clk 0:30:35]} 48. c5 {[%clk
0:50:36]} Kc7 {[%clk 0:27:42]} 49. d5 {[%clk 0:50:04]} Ra4 {[%clk 0:26:52]} 50.
d6 {[%clk 0:48:43]} Kd7 {[%clk 0:23:01]} 51. c6 {[%clk 0:45:41]} Kxd6 {[%clk
0:23:23]} 52. Nb7 {[%clk 0:46:06]} Kxc6 {[%clk 0:23:11]} 53. Nd8 {[%clk
0:46:30]} Kd5 {[%clk 0:22:20]} 54. Nf7 {[%clk 0:46:45]} Ra7 {[%clk 0:22:03]}
55. Nh6 {[%clk 0:46:45]} Ke6 {[%clk 0:22:16]} 56. h4 {[%clk 0:46:25]} Rh7
{[%clk 0:22:02]} 57. hxg5 {[%clk 0:46:13]} fxg5 {[%clk 0:22:16]} 0-1